|
|
|
|
| LEADER |
00973nam a2200265 a 4500 |
| 001 |
GR-MES9242 |
| 008 |
040630s19642001mau b 001 0 gre d |
| 020 |
|
|
|a 0071180346
|
| 040 |
|
|
|a GrPaTEI
|b gre
|c GR-PaULI
|
| 040 |
|
|
|a GrPaTEI
|b gre
|c GR-PaULI
|
| 040 |
|
|
|a GrPaTEI
|b gre
|c GR-PaULI
|
| 082 |
|
0 |
|a 658.8
|2 21
|
| 100 |
1 |
|
|a Etzel, Michael J.
|
| 245 |
1 |
0 |
|a Marketing /
|c Michael Etzel.
|
| 250 |
|
|
|a 12th edition
|
| 260 |
|
|
|a Boston :
|b McGraw-Hill/Irwin,
|c 2001
|
| 300 |
|
|
|a 674 σ. :
|b col. ;
|c 21 εκ.
|
| 504 |
|
|
|a Περιλαμβάνει βιβλιογραφίες και ευρετήριο.
|
| 650 |
|
0 |
|a MΑΡΚΕΤΙΝΓΚ
|
| 700 |
1 |
|
|a Stanton, William J.
|
| 700 |
1 |
|
|a Walker, Bruce J.
|
| 942 |
|
|
|2 ddc
|
| 952 |
|
|
|0 0
|1 0
|2 ddc
|4 0
|6 658_800000000000000_ETZ
|7 0
|9 279569
|a MSLG
|b MSLG
|c BSC
|d 2021-01-17
|e 24
|f 0
|g 0.00
|l 0
|o 658.8 ETZ
|p 2420000019156
|r 2021-01-17 00:00:00
|t 1
|w 2021-01-17
|y BK15
|x 20040630 0 1
|x GrPaTEI
|
| 971 |
|
|
|a .b25877136
|b 15-04-20
|c 14-09-16
|
| 999 |
|
|
|c 162924
|d 162924
|